MARC

LEADER 00000cam a2200000 7i4500
001 0000027523
005 20170428.0
008 170419 my a may
040 |a INS   |b eng   |c INS   |e rda 
090 0 0 |a PAC40 
110 1 |a Pelan operasi latihan .   |b Training road map   |c INSPEN, Bangi 
245 0 0 |a Pelan operasi latihan : Training road map   |c Anjuran Jabatan Penilaian dan Perkhidmatan Harta 
264 0 |a Bangi :   |b Institut Penilaian Negara   |c 2012 
300 |a 1 jilid ( mukasurat pelbagai ) :   |b illustration ;   |c 30 cm. 
336 |a text  |2 rdacontent 
337 |a unmediated  |2 rdamedia 
338 |a volume  |2 rdacarrier 
650 0 |a Executives   |x Training of   |v Handbooks, manuals, etc. 
650 0 |a Leadership   |x Study and teaching   |v Handbooks, manuals, etc. 
650 0 |a Training   |v Handbooks, manuals, etc. 
710 1 |a Jabatan Penilaian dan Perkhidmatan Harta 
999 |a PAC0000047   |b BOOK   |c Course Notes   |e Default branch 
999 |a PAC0000048   |b BOOK   |c Training Package   |e Default branch 
999 |a PAC0000049   |b BOOK   |c Training Package   |e Default branch 
999 |a PAC0000050   |b BOOK   |c Training Package   |e Default branch